All Countries by Capital - Asia - Statistics

General Stats
  • This quiz has been taken 21 times
  • The average score is 42 of 48
Answer Stats
Capitals Countries % Correct
Abu Dhabi United ArabEmirates
100%
Kabul Afghanistan
94%
Beijing China
94%
New Delhi India
94%
Jakarta Indonesia
94%
Jerusalem Israel
94%
Tokyo Japan
94%
Kuwait City Kuwait
94%
Kathmandu Nepal
94%
Manila Philippines
94%
Riyadh Saudi Arabia
94%
Singapore Singapore
94%
Seoul South Korea
94%
SriJayawardenepura Kotte Sri Lanka
94%
Damascus Syria
94%
Taipei Taiwan
94%
Bangkok Thailand
94%
Ankara Turkey
94%
Dhaka Bangladesh
88%
Phnom Penh Cambodia
88%
Tbilisi Georgia
88%
Tehran Iran
88%
Baghdad Iraq
88%
Amman Jordan
88%
Astana Kazakhstan
88%
Beirut Lebanon
88%
Kuala Lumpur Malaysia
88%
Ulaanbaatar Mongolia
88%
Pyongyang North Korea
88%
Muscat Oman
88%
Islamabad Pakistan
88%
Doha Qatar
88%
Hanoi Vietnam
88%
Baku Azerbaijan
82%
Bishkek Kyrgyzstan
82%
Vientiane Laos
82%
Ashgabat Turkmenistan
82%
Tashkent Uzbekistan
82%
Sana'a Yemen
82%
Thimphu Bhutan
76%
Bandar SeriBegawan Brunei
76%
Nicosia Cyprus
76%
Dili East Timor
76%
Malé Maldives
76%
Dushanbe Tajikistan
76%
Yerevan Armenia
71%
Manama Bahrain
71%
Naypyidaw Myanmar
71%
No matching quizzes found
Score Distribution
Percent of People with Each Score
Percentile by Number Answered
Your Score History
You have not taken this quiz